Nations of UFC Champions: Best Ratio - Statistics

General Stats
  • This quiz has been taken 289 times
    88 since last reset
  • The average score is 8 of 10
Answer Stats
# Champions Population Ratio Notable Champions Answer % Correct
2 3.7 million 1:1.8m Ilia Topuria, Merab Dvalishvili Georgia
96%
1 5.4 million 1:5.4m Conor McGregor Ireland
96%
20 212 million 1:10.6m Charles Oliveira, Alex Pereira Brazil
95%
62 340 million 1:5.4m Jon Jones, Demetrious Johnson... United States of America
95%
3 27.2 million 1:9m Robert Whittaker, Alexander Volkanovski... Australia
89%
1 10.9 million 1:10.9m Jiří Procházka Czech Republic
79%
2 5.3 million 1:2.7m Israel Adesanya, Carlos Ulberg New Zealand
71%
2 18 million 1:9m Bas Rutten, Germaine de Randamie Netherlands
64%
1 7.2 million 1:7.2m Valentina Shevchenko Kyrgyzstan
56%
1 9.1 million 1:9.1m Andrei Arlovski Belarus
53%
No matching quizzes found
Score Distribution
Percent of People with Each Score
Percentile by Number Answered
Your Score History
You have not taken this quiz since the last reset